| 000 | 00922nam a22002777a 4500 | ||
|---|---|---|---|
| 001 | 2192 | ||
| 005 | 20231108154451.0 | ||
| 020 | _a9780061885204 | ||
| 040 |
_aFISKH _beng _cFISKH _dFISKH |
||
| 050 | _aPZ7.S27587 | ||
| 082 | _a813.6 | ||
| 100 | _aSazaklis, John | ||
| 245 |
_aBatman: _bdawn of the dynamic duo / _cby John Sazaklis pictures by Steven E. Gordon colors by Eric A. Gordon |
||
| 260 |
_aNew York : _bHarper, _c2011 |
||
| 300 |
_a32 pages : _c23 cm |
||
| 505 | _aK | ||
| 520 | _aRelates how Batman and Robin first came together and describes their first battle against Two-Face and his plans to steal all the money at the Gotham City Mint. | ||
| 521 |
_a600 _bLexile estimate |
||
| 521 |
_aK _bRaz-Plus |
||
| 650 | _aSuperheroes | ||
| 650 | _aJustice League | ||
| 650 | _aVgilante | ||
| 700 |
_aGordon, Steven E. _eCo-illustrator |
||
| 700 |
_aGordon, Eric A. _eCo-illustrator |
||
| 942 |
_2ddc _cBK _n0 |
||
| 999 |
_c2192 _d2192 |
||